Регионална библиотека "Любен Каравелов" - Русе

Конституционна семиотика (Запис номер 489787)

MARC детайли
000 -Лидер
Контролно поле с фиксирана дължина nam a22 a 4500
003 - Код на организацията, давaща контролен номер
Контролно поле BLK
005 - Дата и час на последна редакция
Контролно поле 20230322143744.0
008 - Елементи от данни с фиксирана дължина
fixed length control field 180408b bul|||||r ||||||| ||bul||
020 ## - Международен стандартен номер на книга ISBN
Международен стандартен номер на книга ISBN 9789540755984
040 ## - Източник на каталожния запис
Идентификатор на билиотеката - собственик на записа BLK
041 ## - Код за език
Код за езика на текст/звукозапис или на отделно заглавие Български
Код за езика КДБФ Български
080 ## - УДК
Текстов определител УДК Държавно право. Конституционно право. Административно право. Вж и 321 ; 35
УДК код - определител по УДК 342
УДК - код + определител 342
080 ## - УДК
Текстов определител УДК Сравнително право
УДК код - определител по УДК 340.5
УДК - код + определител 340.5
100 ## - Редна дума - Автор
R(LIN) 279299
Автор Белов, Мартин Кирилов
Авторска отговорност първи автор
139 ## - Редно поле
Редна дума Белов, Мартин Кирилов
245 ## - Сведения за заглавието
Заглавие Конституционна семиотика
Подзаглавни данни Концептуални основи на една теория и метатеория
Редно поле (дума) Мартин Белов.
257 ## - Страна на издаване
Страна на създаване/издаване България
260 ## - Област на издателските данни
Място на издаване, разпространение и проч. София
Име на издателя, разпространителя и проч. Унив. изд. Св. Климент Охридски
Година на издаване 2022
300 ## - Физическа характеристика
Страници 399 с.
Размери/Мащаб 25 см
380 ## - Жанр
Жанр Обществени науки
500 ## - Общи забележки
Забележка Рец.: Даниел Вълчев, Янаки Стоилов, Иржи Пржибан.
504 ## - Забележка за наличие на библиография и др
Забележка за наличие на библиография и под. Библиогр.: с. 376-398.
650 #0 - Допълнително описание по предмет – тема
Основно описание – тема или топоним Конституционно право
9 (RLIN) 269342
650 #0 - Допълнително описание по предмет – тема
Основно описание – тема или топоним Право, сравнително
9 (RLIN) 304650
852 ## - Местоположение
Форматна сигнатура Цб 316912
Фондова буква Хранилище
856 4# - Електронен адрес и достъп
Електронен формат pdf - файл
Инструкция (цена за достъп) 0.00
Права за достъп disable
856 4# - Електронен адрес и достъп
Електронен формат pdf - файл
Инструкция (цена за достъп) 0.00
Права за достъп disable
999 ## - СИСТЕМНИ КОНТРОЛНИ НОМЕРА
Koha biblionumber 489787
Koha biblioitemnumber 489787
942 ## - АРТИКУЛИ
Вид на библиотечния материал Книги
Скрит в OPAC Не
Периодичен библиозапис Да
944 ## - СЪЗДАВАНЕ И РЕДАКЦИЯ на ЗАПИСА
Създаване/Редакция Създаване
Дата на регистрацията/редакция 2023-03-22
Статус, дата на статуса
Служител, извършил регистрацията/редакцията Кети
Наличности
Код за отписване Код за изгубен артикул Източник на класификационната схема Код за повреда Коз за рестрикции Код за отдаване Артикулен № Име на библиотеката - собственик Име на библиотеката, в която се намира в момента Статус (Текущо местоположение) Дата на вписване в системата Местоположение - отдел Цена в лева Инвентарен номер Систематично азбучна сигнатура Баркод Цена в евро Служебен тип на артикула
  Не е изгубен Universal Decimal Classification Не е повреден без рестрикции ползва се в читалня 925005 Регионална библиотека "Любен Каравелов" Русе Регионална библиотека "Любен Каравелов" Русе Хранилище 2023-03-27 Хранилище 18.00 120000884258 Цб 316912 120000884258 9.20 Книги
Vip Innovations Ltd, Rousse, Bulgaria 2025